Time series analysis (Record no. 99)

MARC details
000 -LEADER
fixed length control field 00502 a2200169 4500
001 - CONTROL NUMBER
control field 065561
003 - CONTROL NUMBER IDENTIFIER
control field OSt
005 - DATE AND TIME OF LATEST TRANSACTION
control field 20220215163415.0
008 - FIXED-LENGTH DATA ELEMENTS--GENERAL INFORMATION
fixed length control field
082 ## - DEWEY DECIMAL CLASSIFICATION NUMBER
Classification number 519.55
Item number H18T
100 1# - MAIN ENTRY--PERSONAL NAME
Personal name Hamilton, James D.
245 1# - TITLE STATEMENT
Title Time series analysis
Statement of responsibility, etc by James D. Hamilton
260 ## - PUBLICATION, DISTRIBUTION, ETC. (IMPRINT)
Place of publication, distribution, etc New Jersey
Name of publisher, distributor, etc Princeton
Date of publication, distribution, etc 1994
300 ## - PHYSICAL DESCRIPTION
Extent 799p.
653 ## - INDEX TERM--UNCONTROLLED
Uncontrolled term Time-series analysis; Prediction theory; Transfer functions; Feedback control systems--Mathematical models
942 ## - ADDED ENTRY ELEMENTS (KOHA)
Source of classification or shelving scheme Dewey Decimal Classification
Koha item type Books
Holdings
Withdrawn status Lost status Damaged status Not for loan Collection code Home library Current library Date acquired Source of acquisition Cost, normal purchase price Total Checkouts Full call number Barcode Date last seen Date checked out Price effective from Koha item type Checked out
        General Text Book Central University Of Rajasthan Central University Of Rajasthan 07/03/2012 STT 4729.00 8 519.55 H18T 2556 19/08/2025 31/07/2025 02/09/2020 Books  
        General Text Book Central University Of Rajasthan Central University Of Rajasthan 07/03/2012 STT 4729.00 4 519.55 H18T 2553 21/11/2024 20/09/2023 02/09/2020 Books  
        General Text Book Central University Of Rajasthan Central University Of Rajasthan 07/03/2012 STT 4729.00 6 519.55 H18T 2555 03/07/2026 03/07/2026 02/09/2020 Books 02/08/2026
        General Text Book Central University Of Rajasthan Central University Of Rajasthan 07/03/2012 STT 4729.00 5 519.55 H18T 2554 21/11/2024 03/10/2024 02/09/2020 Books